000
00323cam a2200145ua 4500
001
1546
008
131122n II |||gr||||Z||||||eng
040
_a
MAIN
041
_a
English
082
_a
320.54 BRE
100
_a
BRECHER.
245
_a
INDIA AND WORLD POLITICS
653
_a
Indian Politics & Government
942
_c
BK
999
_c
1545
_d
1545